[Event "CZE-chT2A 1213"]
[Site "Czech Republic"]
[Date "2013.02.03"]
[Round "8.8"]
[White "Jirik, Vlastimil"]
[Black "Chlad, Lukas"]
[Result "1/2-1/2"]
[WhiteElo "1920"]
[BlackElo "1955"]
[PlyCount "104"]
[EventDate "2012.10.14"]
[EventType "team-tourn"]
[EventRounds "11"]
[EventCountry "CZE"]
[SourceTitle "EXT 2015"]
[Source "ChessBase"]
[SourceDate "2014.11.20"]
[SourceVersion "1"]
[SourceVersionDate "2014.11.20"]
[SourceQuality "1"]
[WhiteTeam "Plzen Letna"]
[BlackTeam "Klatovy"]
[WhiteTeamCountry "CZE"]
[BlackTeamCountry "CZE"]

1. d4 Nf6 2. c4 g6 3. Nc3 Bg7 4. e4 d6 5. f3 0-0 6. Be3 e5 7. d5 Ne8 8. Bd3 f5 9. exf5 Bxf5 10. Bxf5 gxf5 11. Qd3 f4 12. Bf2 Qg5 13. Nge2 Qxg2 14. Rg1 Qxh2 15. Ne4 Nf6 16. N2c3 Qh3 17. 0-0-0 Qc8 18. Rh1 Nbd7 19. Ng5 h6 20. Ne6 Rf7 21. Rdg1 Nf8 22. Nxg7 Rxg7 23. Rxh6 Rxg1+ 24. Bxg1 Kg7 25. Rh2 Ng6 26. Bf2 Qd7 27. Rg2 Qf7 28. Bh4 Rh8 29. Bxf6+ Qxf6 30. Ne4 Qh4 31. Kc2 Rh6 32. Ng5 Kf6 33. c5 Qh1 34. Ne4+ Ke7 35. cxd6+ cxd6 36. Rg4 Rh2+ 37. Nd2 Rxd2+ 38. Kxd2 Nf8 39. Rg7+ Kf6 40. Rxb7 Qg1 41. a3 Qc5 42. Rb4 Ng6 43. Re4 Qf2+ 44. Kc1 Nh4 45. Rc4 Nf5 46. Kb1 Ne3 47. Rc6 Qxf3 48. Rxd6+ Kg5 49. Qg6+ Kh4 50. Rd7 Qf1+ 51. Ka2 Qc4+ 52. Kb1 Qf1+ 1/2-1/2

[Event "CZE-chT2A 1213"]
[Site "Czech Republic"]
[Date "2012.11.04"]
[Round "2.7"]
[White "Sperl, Hynek"]
[Black "Jirik, Vlastimil"]
[Result "1-0"]
[WhiteElo "2021"]
[BlackElo "1920"]
[PlyCount "81"]
[EventDate "2012.10.14"]
[EventType "team-tourn"]
[EventRounds "11"]
[EventCountry "CZE"]
[SourceTitle "EXT 2015"]
[Source "ChessBase"]
[SourceDate "2014.11.20"]
[SourceVersion "1"]
[SourceVersionDate "2014.11.20"]
[SourceQuality "1"]
[WhiteTeam "Tachov"]
[BlackTeam "Plzen Letna"]
[WhiteTeamCountry "CZE"]
[BlackTeamCountry "CZE"]

1. e4 e6 2. d4 b6 3. c4 Bb7 4. Nc3 Bb4 5. Bd3 f5 6. d5 fxe4 7. Bxe4 Qh4 8. Qe2 Nf6 9. Bd3 0-0 10. Nf3 Qh5 11. dxe6 Re8 12. Be3 Rxe6 13. 0-0 Bc5 14. Nd5 Na6 15. Qd2 Bxe3 16. fxe3 Nxd5 17. cxd5 Qxd5 18. Nd4 Nc5 19. Nxe6 dxe6 20. Qf2 Qxg2+ 21. Qxg2 Bxg2 22. Bxh7+ Kxh7 23. Kxg2 Rd8 24. Rad1 Rxd1 25. Rxd1 a5 26. Kf3 Kg6 27. Rd8 e5 28. Rc8 e4+ 29. Kf4 Kf6 30. b3 g5+ 31. Kg4 Ne6 32. Re8 Nc5 33. Rf8+ Kg6 34. Rg8+ Kf6 35. Rxg5 Nd3 36. Rf5+ Kg6 37. h4 Nc1 38. h5+ Kg7 39. Kg5 Nxa2 40. h6+ Kg8 41. Kg6 1-0